000 00606nam a22002297a 4500
003 OSt
005 20160715165506.0
008 130729t xxu||||| |||| 00| 0 eng d
020 _a0582364000
050 _aPZ 7
_b.K84 1999
082 _aKF
_bK84b 1999
100 _aKorman, Justine
_95337
245 _aBabe :
_bpig in the city /
_cJustine Korman
260 _aEngland :
_bPearson Education Ltd,
_c1999.
300 _a41 p.
_bcol. ill. ;
_c20 cm.
562 _e1
650 _a Babe
_95338
650 _aPig
_xFiction
_95339
650 _aFarm
_xFiction
_95340
942 _2lcc
_cBK
999 _c8034
_d8034